| 000 | 00565nam a2200193Ia 4500 | ||
|---|---|---|---|
| 005 | 20250819122249.0 | ||
| 008 | 008 250516s9999 xx 000 0 hin d | ||
| 020 | _a9788186863275 | ||
| 040 |
_beng _cSDCL |
||
| 041 |
_ahin _2hin |
||
| 084 | _aP15 Q9 | ||
| 100 | _aJha, Bipin Kumar | ||
| 245 | 0 | _aChatushtayishabdpravruttiprabandhah | |
| 246 | _aचतुश्तायिशाब्द्प्रवृत्तिप्रबंधन | ||
| 260 |
_aDelhi: _bIndu Prakashan, _c2019. |
||
| 300 | _a72p. | ||
| 650 | _aSanskrit | ||
| 942 |
_cTEXL _2CC |
||
| 999 |
_c1429273 _d1429273 |
||